Statistics for World Capitals Containing R - Two Minute Sprint

Click here to take the quiz!

General Stats

  • This quiz has been taken 233 times
  • The average score is 36 of 83

Answer Stats

Capital% Correct
Paris
79%
Madrid
78%
Berlin
76%
Reykjavik
76%
Riga
76%
Rome
75%
Brasilia
67%
Canberra
67%
Rabat
67%
Riyadh
67%
Cairo
65%
Zagreb
65%
Amsterdam
63%
Belgrade
59%
Brussels
59%
Bucharest
59%
Buenos Aires
59%
Roseau
59%
Andorra la Vella
57%
Bern
57%
Warsaw
54%
Algiers
52%
Podgorica
52%
Port-au-Prince
52%
Prague
52%
Pretoria
52%
Ankara
49%
Tehran
49%
Bratislava
48%
Jakarta
48%
Port-of-Spain
48%
Port Louis
46%
Caracas
44%
Port Vila
44%
Pristina
44%
Bridgetown
43%
Tripoli
43%
Brazzaville
41%
Georgetown
41%
Luxembourg
41%
Port Moresby
41%
Accra
40%
Jerusalem
40%
Sarajevo
40%
Tirana
40%
Dakar
38%
Palikir
38%
Paramaribo
38%
Yerevan
38%
Asmara
37%
Nairobi
37%
Porto-Novo
37%
Singapore
37%
Sucre
37%
Conakry
35%
Khartoum
35%
Antananarivo
33%
Beirut
33%
St George's
33%
Yaren
33%
Honiara
32%
San Salvador
32%
Bandar Seri
Begawan
30%
Basseterre
30%
Freetown
30%
Libreville
30%
San Marino
30%
Ulaanbaatar
30%
Harare
29%
Maseru
29%
Praia
29%
Yamoussoukro
29%
Castries
24%
Majuro
24%
South Tarawa
22%
Monrovia
21%
Ngerulmud
21%
Moroni
19%
Victoria
19%
Gaborone
17%
Sri Jayewarde-
nepura Kotte
16%
Kuala Lumpur
14%
Bujumbura
10%

Score Distribution

Percentile by Number Answered

Percent of People with Each Score

Your Score History

You have not taken this quiz